| 000 | 00710nam a2200289Ia 4500 | ||
|---|---|---|---|
| 005 | 20260324112555.0 | ||
| 008 | 008 260324s9999 xx 000 0 eng d | ||
| 020 | _a9781003331032 | ||
| 037 | _aEBOOK | ||
| 040 | _aCRL | ||
| 040 | _beng | ||
| 040 | _cCRL | ||
| 041 | _2eng | ||
| 041 | _aeng | ||
| 084 | _qCRL | ||
| 100 |
_aKheir Al-Kodmany _91082374 |
||
| 245 | 0 | _aHumanizing the High-Rise City | |
| 245 | 0 | _bPodiums, Plazas, Parks, Pedestrian Networks, and Public Art | |
| 260 | _bTaylor and Francis | ||
| 260 | _c2024 | ||
| 365 | _a | ||
| 365 | _b230 | ||
| 856 | _uhttp://www.taylorfrancis.com/books/9781003331032 | ||
| 942 | _cEBOOK | ||
| 999 |
_c1732519 _d1732519 |
||